| 000 | 00530cam a2200205ua 4500 | ||
|---|---|---|---|
| 001 | 11151 | ||
| 005 | 20260515114718.0 | ||
| 008 | 190830n ii |||gr||||Z||||||eng | ||
| 020 | _a9788190712958 | ||
| 040 | _cMAIN | ||
| 041 | _aeng | ||
| 082 | _a370.1 | ||
| 100 |
_aShiv Shanker Tiwary, _eAuthor. |
||
| 245 |
_aphilosophical and sociological foundation of education _cBy Shiv Shanker Tiwary |
||
| 250 | _a1st ed rep. | ||
| 260 |
_aNew Delhi: _bKunal books, _c2016. |
||
| 300 | _a304p. | ||
| 653 | _aEducation | ||
| 942 | _cBK | ||
| 999 |
_c10004 _d10004 |
||